Bienvenue au Catalogue en Ligne des Bibliothèques de l'Universite du Burundi

Analyse de la politique de promotion des investissements au Burundi ( 1980-2012) (Record no. 33178)

000 -GUIDE
Champ de contrôle de longueur fixe 01257nam a22002657a 4500
003 - IDENTITÉ DU NUMÉRO DE CONTRÔLE
Champ de contrôle BI-BuBU
008 - ÉLÉMENTS DE LONGUEUR FIXE - RENSEIGNEMENTS GÉNÉRAUX
Champ de contrôle de longueur fixe 160114t2014 bd ||||dr|||| 000 0 fre d
037 ## - SOURCE D'ACQUISITION
Source d'acquisition et du numéro d'inventaire Don de l'auteur
039 ## - NIVEAU DE CONTRÔLE BIBLIOGRAPHIQUE ET HISTORIQUE D'ENCODAGE [OBSOLETE]
Date creation 2016011402292.0
Nom catalographe Marie Goretti Ndayizeye
040 ## - SOURCE DU CATALOGAGE
Organisme qui a effectué le catalogage original BI-BuBU
Code de la langue utilisée dans le catalogage fre
Organisme qui a effectué la transcription BI-BuBU
041 0# - CODE DE LANGUE
Code de langue du texte/de la piste sonore ou du titre distinct fre
080 ## - INDICE DE LA CLASSIFICATION DÉCIMALE UNIVERSELLE (CDU)
Indice de la Classification décimale universelle 336.714.
100 1# - VEDETTE PRINCIPALE - NOM DE PERSONNE
Code de relation aut
Nom de personne Matakara Jean-Claude
245 10 - MENTION DU TITRE
Titre Analyse de la politique de promotion des investissements au Burundi ( 1980-2012)
Mention de responsabilité, etc. Jean Claude Matakara ; Gilbert Niyongabo, directeur
260 ## - PUBLICATION, DIFFUSION, ETC. (ADRESSE BIBLIOGRAPHIQUE)
Lieu de publication, diffusion, etc. Bujumbura
Nom de l'éditeur, diffuseur, etc. Université du Burundi, Faculté des Sciences Economiques et Administratives
Date of publication, distribution, etc 2014
300 ## - DESCRIPTION MATÉRIELLE
Collation X-88 f.
Dimensions 30 cm.
500 ## - NOTE GÉNÉRALE
Note générale Mémoire présenté et défendu publiquement en vue de l' obtention du grade de Licencié en Sciences Economiques et Administratives
650 #7 - VEDETTE-MATIÈRE - NOM COMMUN
Source du terme BI-BuBU
Vedette de sujet ou vedette comportant un nom géographique Investissement
Subdivision générale Promotion ( Politique de)
Subdivision chronologique 1980-2012
Subdivision géographique Burundi
9 (RLIN) 124299
655 #7 - TERME D'INDEXATION - GENRE OU FORME
Source du terme BI-BuBU
Données ou terme dominant sur le genre ou la forme Mémoire
9 (RLIN) 124304
700 1# - VEDETTE SECONDAIRE - NOM DE PERSONNE
Code de relation dir
Nom d'auteur Niyongabo Gilbert
9 (RLIN) 124301
710 ## - VEDETTE SECONDAIRE - NOM DE COLLECTIVITÉ
Nom de la collectivité ou nom de lieu comme élément de classement Université du Burundi
Collectivité subordonnée Faculté des Sciences Economiques et Administratives
9 (RLIN) 124302
942 ## - ÉLÉMENTS D'ENTRÉE ADDITIONNELLE (KOHA)
Source de la classification ou du système de rangement
Type d item koha Memoire
Holdings
Statut de retrait Statut de perte Source de la classification ou du système de rangement Statut de déterioration Exclu du prêt Numéro d item Koha Localisation permanente Localisation actuelle Date d'acquisition Source d'acquisition Nombre de prêts Cote Code-barres Date last seen Numéro d'exemplaire Prix en vigueur à partir du Type d item koha
        Not For Loan 48608 Bibliothèque Centrale Bibliothèque Centrale 14/01/2016 Don de l' auteur   336.714.MAT.A 5010000200268 14/01/2016 1 14/01/2016 Memoire
        Not For Loan 61916 Bibliothèque de la Faculté des Sciences Économiques et Administratives Bibliothèque de la Faculté des Sciences Économiques et Administratives 03/06/2019 Don de l'auteur   336.714. MAT.A 5010000468910 03/06/2019 2 03/06/2019 Memoire
© 2019-2026 - Bibliothèques de l'Université du Burundi |Tous droits réservés
home | Pour toute information urgente Contactez nous | tel whatsupp: +25779204313